Odd But True Facts XI Quiz Stats

Quiz Updated Sep 29, 2016

Challenge
Share
Tweet
Embed
Score 0/21 Timer 06:00
5 Plays Today
% Correct
the tops of trees
97.3%
300 fans were killed
92.5%
the whole church
92.4%
Indonesia
91.9%
leaving it on a train
90.7%
strapping a live chicken to the body
90.3%
Sesame Street
89.9%
Paula Abdul
89.5%
school when he was sixteen
88.4%
snowblower accidents
87%
dolphins
83.1%
% Correct
a giant panda
81.5%
particle accelerators
80.8%
Paul Newman
79.7%
space
79.2%
Nickels
78.8%
apricots on-board
78.6%
her fans' teeth
78.4%
slapping the king of Bulgaria on the bottom
73.5%
Pepsi products
56.4%
obstacles
50.1%

You're not logged in!

Compare scores with friends on all Sporcle quizzes.
Join for Free
OR
Log In

You Might Also Like...

Show Comments

Extras

Top Quizzes Today


Score Distribution

Your Account Isn't Verified!

In order to create a playlist on Sporcle, you need to verify the email address you used during registration. Go to your Sporcle Settings to finish the process.

Report this User

Report this user for behavior that violates our Community Guidelines.

Details: